MARC details
| 000 -LEADER |
| fixed length control field |
01103naa a2200265 u 4500 |
| 001 - CONTROL NUMBER |
| control field |
06354 |
| 003 - CONTROL NUMBER IDENTIFIER |
| control field |
HDC |
| 007 - PHYSICAL DESCRIPTION FIXED FIELD--GENERAL INFORMATION |
| fixed length control field |
cr bn|---aauu| |
| 008 - FIXED-LENGTH DATA ELEMENTS--GENERAL INFORMATION |
| fixed length control field |
210123e2008 xx | a z000 s eng d |
| 040 ## - CATALOGING SOURCE |
| Original cataloging agency |
HDC |
| 100 ## - MAIN ENTRY--PERSONAL NAME |
| Personal name |
DATO' SERI ABDULLAH BIN HAJI AHMAD BADAWI |
| 9 (RLIN) |
6711 |
| 245 #0 - TITLE STATEMENT |
| Title |
SPEECH AT THE '4TH MALAYSIAN INTERNATIONAL HALAL SHOWCASE' / |
| Statement of responsibility, etc. |
by DATO' SERI ABDULLAH BIN HAJI AHMAD BADAWI |
| 260 ## - PUBLICATION, DISTRIBUTION, ETC. |
| Place of publication, distribution, etc. |
[No place] : |
| Name of publisher, distributor, etc. |
[publisher not identified], |
| 260 ## - PUBLICATION, DISTRIBUTION, ETC. |
| Place of publication, distribution, etc. |
KUALA LUMPUR: |
| Name of publisher, distributor, etc. |
[publisher not identified], |
| Date of publication, distribution, etc. |
2007 |
| 300 ## - PHYSICAL DESCRIPTION |
| Extent |
4 pages |
| 336 ## - CONTENT TYPE |
| Content type term |
text |
| Source |
rdacontent |
| 337 ## - MEDIA TYPE |
| Media type term |
computer |
| Source |
rdamedia |
| 338 ## - CARRIER TYPE |
| Carrier type term |
online resource |
| Source |
rdacarrier |
| 650 ## - SUBJECT ADDED ENTRY--TOPICAL TERM |
| Topical term or geographic name entry element |
Halal industry |
| 9 (RLIN) |
144 |
| 650 ## - SUBJECT ADDED ENTRY--TOPICAL TERM |
| Topical term or geographic name entry element |
Halal showcase |
| 9 (RLIN) |
6439 |
| 856 ## - ELECTRONIC LOCATION AND ACCESS |
| Public note |
Request full-text at [email protected] |
| 856 ## - ELECTRONIC LOCATION AND ACCESS |
| Public note |
Request full-text at [email protected] |
| 942 ## - ADDED ENTRY ELEMENTS (KOHA) |
| Source of classification or shelving scheme |
Library of Congress Classification |
| 942 ## - ADDED ENTRY ELEMENTS (KOHA) |
| Koha item type |
Speech |